Republican... or Democratic - U.S. Presidents - Statistics

General Stats
  • This quiz has been taken 179 times
  • The average score is 13 of 16
Answer Stats
Question Answer % Correct
Joe Biden Democratic
100%
Donald Trump Republican
100%
Barack Obama Democratic
98%
John F. Kennedy Democratic
90%
Jimmy Carter Democratic
90%
Theodore Roosevelt Republican
90%
Abraham Lincoln Republican
88%
Ronald Reagan Republican
88%
Dwight D. Eisenhower Republican
83%
Franklin D. Roosevelt Democratic
81%
Andrew Jackson Democratic
81%
Lyndon B. Johnson Democratic
75%
Herbert Hoover Republican
75%
Woodrow Wilson Democratic
73%
Ulysses S. Grant Republican
69%
James Buchanan Democratic
60%
No matching quizzes found
Score Distribution
Percent of People with Each Score
Percentile by Number Answered
Your Score History
You have not taken this quiz